都道府県の読み試験 - Statistics

General Stats
  • This quiz has been taken 80 times
  • The average score is 40 of 47
Answer Stats
都道府県 読み % Correct
北海道 ほっかいどう
99%
青森県 あおもりけん
92%
沖縄県 おきなわけん
91%
岩手県 いわてけん
91%
秋田県 あきたけん
91%
宮城県 みやぎけん
89%
福島県 ふくしまけん
89%
山形県 やまがたけん
88%
茨城県 いばらきけん
85%
群馬県 ぐんまけん
85%
千葉県 ちばけん
85%
京都府 きょうとふ
85%
東京都 とうきょうと
85%
埼玉県 さいたまけん
84%
神奈川県 かながわけん
84%
新潟県 にいがたけん
84%
富山県 とやまけん
84%
石川県 いしかわけん
84%
福井県 ふくいけん
84%
長野県 ながのけん
84%
静岡県 しずおかけん
84%
愛知県 あいちけん
84%
大阪府 おおさかふ
84%
兵庫県 ひょうごけん
84%
栃木県 とちぎけん
82%
山梨県 やまなしけん
82%
岐阜県 ぎふけん
82%
奈良県 ならけん
82%
和歌山県 わかやまけん
82%
岡山県 おかやまけん
82%
広島県 ひろしまけん
82%
山口県 やまぐちけん
82%
福岡県 ふくおかけん
82%
滋賀県 しがけん
81%
三重県 みえけん
81%
鳥取県 とっとりけん
81%
島根県 しまねけん
81%
徳島県 とくしまけん
81%
香川県 かがわけん
81%
愛媛県 えひめけん
81%
高知県 こうちけん
81%
佐賀県 さがけん
81%
長崎県 ながさきけん
81%
熊本県 くまもとけん
81%
大分県 おおいたけん
81%
宮崎県 みやざきけん
81%
鹿児島県 かごしまけん
81%
No matching quizzes found
Score Distribution
Percent of People with Each Score
Percentile by Number Answered
Your Score History
You have not taken this quiz